• 首页
  • 本馆介绍
  • 公告通知
  • 最新文献
  • 馆藏检索
  • 电子资源
  • 读者导购
  • 参考咨询
  • 我的图书馆
  • 登录
  • 详细信息显示
  • 放入我的书架
  • 预约/预借图书
  • 作者相关作品
  • 分类相关作品
  • 丛书相关作品
  • 出版社相关作品

书目信息

  • 表格格式
  • 工作单格式
  • 卡片格式
题名:
诺贝尔文学奖金库
    
 
作者: 彭诗琅 , 廖隐邨 主编
分册: 第四卷  
出版信息: 北京   中国社会出版社  1998
页数: 5册(38,3991页)
开本: 26cm
丛书名:
单 册:
中图分类: I11 , K815.6
科图分类:
主题词: 文学--作品--世界--选集 , 文学 , 诺贝尔文学奖金--作家--列传--世界 , 诺贝尔文学奖金 , 作家
电子资源:
ISBN: 7-80146-117-7
000 00925nam0 2200301 450
001 1257937171
005 20121014160616.25
010    @a7-80146-117-7@b精装@dCNY196.00
100    @a19990517d1998 em y0chiy50 ea
101 1  @achi@cmul
102    @aCN@b110000
105    @ay z 000zd
200 1  @a诺贝尔文学奖金库@Anuo bei er wen xue jiang jin ku@h第四卷@f彭诗琅,廖隐邨主编
210    @a北京@c中国社会出版社@d1998
215    @a5册(38,3991页)@d26cm
327 1  @a一,作家传略卷·二,小说卷·三,小说卷 戏剧卷@a四,诗歌卷·五,散文卷
510 1  @aNobel Literature@zeng
606 0  @a文学@x作品@y世界@x选集
606 0  @a文学
606 0  @a诺贝尔文学奖金@x作家@x列传@y世界
606 0  @a诺贝尔文学奖金
606 0  @a作家
690    @aI11@v3
690    @aK815.6@v3
701  0 @a彭诗琅@Apeng shi lang@4主编
701  0 @a廖隐邨@Aliao yin cun@4主编
801  0 @aCN@bNLC@c20101222
905    @a10447@dI11@eJY77:4
    
    诺贝尔文学奖金库.第四卷/彭诗琅,廖隐邨主编.-北京:中国社会出版社,1998
    5册(38,3991页);26cm
    
    部分内容:一,作家传略卷·二,小说卷·三,小说卷 戏剧卷;四,诗歌卷·五,散文卷
    ISBN 7-80146-117-7(精装):CNY196.00
    
●
相关链接 在E读中查询图书 在五车中查询图书 在当当中查询图书 在豆瓣中查询图书


正题名:诺贝尔文学奖金库     索取号:I11/JY77:4         预约/预借

序号 登录号 条形码 馆藏地/架位号 状态 备注
1 7801283   278012838   学院路分馆/ [索取号:I11/JY77:4] 在馆    
2 7801284   278012847   学院路分馆/ [索取号:I11/JY77:4] 在馆    
3 7801285   278012856   学院路分馆/ [索取号:I11/JY77:4] 在馆    
4 7801286   278012865   学院路分馆/ [索取号:I11/JY77:4] 在馆    
唐山师范学院图书馆 欢迎您!
大连网信软件有限公司© 版权所有